J.-K. Huysmans et la nouvelle (notice n° 1654488)

détails MARC
000 -LEADER
fixed length control field 01585cam a2200157 4500500
005 - DATE AND TIME OF LATEST TRANSACTION
control field 20260208005938.0
041 ## - LANGUAGE CODE
Language code of text/sound track or separate title fre
042 ## - AUTHENTICATION CODE
Authentication code dc
100 10 - MAIN ENTRY--PERSONAL NAME
Personal name Grojnowski, Daniel
Relator term author
245 00 - TITLE STATEMENT
Title J.-K. Huysmans et la nouvelle
260 ## - PUBLICATION, DISTRIBUTION, ETC.
Date of publication, distribution, etc. 2008.<br/>
500 ## - GENERAL NOTE
General note 29
520 ## - SUMMARY, ETC.
Summary, etc. Bien qu’il soit l’auteur de plusieurs récits brefs (dont trois furent effectivement publiés de son vivant), J.-K. Huysmans n’est pas un nouvelliste reconnu comme le sont plusieurs de ses proches : Zola, Maupassant ou encore Villiers de l’Isle-Adam, L. Bloy. Tout en exploitant cette forme, il s’est détourné du genre proprement dit. D’une part, il se laisse solliciter par la presse et les revues où il publie des pages qui ressortissent au « reportage » et au « poème en prose ». D’autre part, il se plaît à insérer dans ses romans des micro-récits : le voyage à Londres, dans le chapitre XII d’A rebours, les récits de rêves dans En rade, entre autres nombreux exemples. Aux histoires « extraordinaires » qu’affectionnent le public ou des Essientes, il préfère les (mé)aventures de personnages ordinaires qu’il pose en véritables héros du dérisoire (Folantin, Monsieur Bougran). Construisant ses œuvres par pièces et morceaux, il outrepasse les catégories convenues au profit d’une manière de dire, de composer.
786 0# - DATA SOURCE ENTRY
Note Revue d'histoire littéraire de la France | 108 | 4 | 2008-12-21 | p. 849-861 | 0035-2411
856 41 - ELECTRONIC LOCATION AND ACCESS
Uniform Resource Identifier <a href="https://shs.cairn.info/revue-d-histoire-litteraire-de-la-france-2008-4-page-849?lang=fr&redirect-ssocas=7080">https://shs.cairn.info/revue-d-histoire-litteraire-de-la-france-2008-4-page-849?lang=fr&redirect-ssocas=7080</a>

Pas d'exemplaire disponible.

PLUDOC

PLUDOC est la plateforme unique et centralisée de gestion des bibliothèques physiques et numériques de Guinée administré par le CEDUST. Elle est la plus grande base de données de ressources documentaires pour les Étudiants, Enseignants chercheurs et Chercheurs de Guinée.

Adresse

627 919 101/664 919 101

25 boulevard du commerce
Kaloum, Conakry, Guinée

Réseaux sociaux

Powered by Netsen Group @ 2025